[Event "Trumpeter op"]
[Site "Grande Prairie CAN"]
[Date "2009.01.31"]
[Round "2"]
[White "Fitler, Stan"]
[Black "White, Chris"]
[Result "1/2-1/2"]
[WhiteElo "1402"]
[BlackElo "1847"]
[PlyCount "129"]
[GameId "2160767910264905"]
[EventDate "2009.01.31"]
[EventType "swiss"]
[EventRounds "5"]
[EventCountry "CAN"]
[SourceTitle "EXT 2011"]
[Source "ChessBase"]
[SourceDate "2011.11.26"]
[SourceVersion "1"]
[SourceVersionDate "2011.11.26"]
[SourceQuality "1"]

1. e4 e6 2. e5 d5 3. d4 c5 4. Bb5+ Nc6 5. Bxc6+ bxc6 6. c3 Ne7 7. Bg5 Qc7 8. Nf3 Ng6 9. Qd2 Ba6 10. h4 h6 11. Be3 cxd4 12. Bxd4 c5 13. Be3 Nxe5 14. Nxe5 Qxe5 15. Kd1 Be7 16. g3 O-O 17. Bf4 Qh5+ 18. Kc2 Qe2 19. Qxe2 Bxe2 20. Nd2 Rac8 21. Rhe1 Bh5 22. Re5 Bg6+ 23. Kd1 Bf6 24. Re3 Rfd8 25. Nf3 d4 26. cxd4 cxd4 27. Rb3 Rc6 28. g4 Rdc8 29. g5 hxg5 30. hxg5 Be7 31. Ne5 Rb6 32. Nxg6 fxg6 33. Rxb6 axb6 34. Rc1 Rxc1+ 35. Kxc1 Kf7 36. a3 Ke8 37. Kd2 Kd7 38. Be5 Bc5 39. Bxg7 Kc6 40. b4 Bd6 41. Kd3 e5 42. Kc4 b5+ 43. Kd3 Kd5 44. f3 Ke6 45. Ke4 Be7 46. Bh6 Bd8 47. Bg7 Bxg5 48. Bxe5 Bc1 49. f4 Bxa3 50. Bxd4 Bxb4 51. Bb2 Be7 52. Be5 g5 53. f5+ Kf7 54. Kd3 b4 55. Kc4 Ke8 56. f6 Bf8 57. Kd3 Kf7 58. Ke4 b3 59. Bb2 Ke6 60. Kf3 Bd6 61. Kg4 Bf4 62. Bc3 Bc1 63. Bd4 b2 64. Bxb2 Bxb2 65. Kxg5 1/2-1/2

[Event "Trumpeter op"]
[Site "Grande Prairie CAN"]
[Date "2009.01.31"]
[Round "2"]
[White "Johnson, Dean"]
[Black "Lefkowitz, Phil"]
[Result "1-0"]
[WhiteElo "1782"]
[BlackElo "1681"]
[PlyCount "45"]
[GameId "2160767910264906"]
[EventDate "2009.01.31"]
[EventType "swiss"]
[EventRounds "5"]
[EventCountry "CAN"]
[SourceTitle "EXT 2011"]
[Source "ChessBase"]
[SourceDate "2011.11.26"]
[SourceVersion "1"]
[SourceVersionDate "2011.11.26"]
[SourceQuality "1"]

1. c4 e6 2. g3 f5 3. Bg2 Nf6 4. d3 Bb4+ 5. Nc3 c5 6. Bd2 Nc6 7. Nf3 Rb8 8. a3 Ba5 9. O-O a6 10. Re1 b5 11. cxb5 axb5 12. e4 fxe4 13. Nxe4 Nxe4 14. dxe4 Bxd2 15. Qxd2 d6 16. Rad1 e5 17. Qxd6 Qxd6 18. Rxd6 Bb7 19. Nxe5 Nd4 20. Nf3 Ke7 21. Rb6 Rhd8 22. Nxd4 Rxd4 23. Rxb5 1-0

[Event "Trumpeter op"]
[Site "Grande Prairie CAN"]
[Date "2009.01.31"]
[Round "2"]
[White "Miller, David"]
[Black "Zeggelaar, Mike"]
[Result "0-1"]
[WhiteElo "1365"]
[BlackElo "1825"]
[PlyCount "40"]
[GameId "2160767910264907"]
[EventDate "2009.01.31"]
[EventType "swiss"]
[EventRounds "5"]
[EventCountry "CAN"]
[SourceTitle "EXT 2011"]
[Source "ChessBase"]
[SourceDate "2011.11.26"]
[SourceVersion "1"]
[SourceVersionDate "2011.11.26"]
[SourceQuality "1"]

1. e4 Nc6 2. d4 e6 3. Nf3 d5 4. e5 Nge7 5. Nc3 Ng6 6. Bb5 Bd7 7. O-O a6 8. Bxc6 bxc6 9. Bg5 f6 10. exf6 gxf6 11. Bf4 Nxf4 12. Qd2 Bh6 13. Qe1 Rg8 14. g3 Qe7 15. Nh4 f5 16. Qe5 Qxh4 17. Kh1 Qh3 18. Rg1 Nh5 19. Rae1 Bf4 20. gxf4 Qf3+ 0-1

[Event "Trumpeter op"]
[Site "Grande Prairie CAN"]
[Date "2009.01.31"]
[Round "2"]
[White "Panteluk, Steven"]
[Black "Stutzman, Larry"]
[Result "1/2-1/2"]
[WhiteElo "1750"]
[BlackElo "1642"]
[PlyCount "83"]
[GameId "2160767910264908"]
[EventDate "2009.01.31"]
[EventType "swiss"]
[EventRounds "5"]
[EventCountry "CAN"]
[SourceTitle "EXT 2011"]
[Source "ChessBase"]
[SourceDate "2011.11.26"]
[SourceVersion "1"]
[SourceVersionDate "2011.11.26"]
[SourceQuality "1"]

1. c4 Nf6 2. Nc3 g6 3. Nf3 Bg7 4. e4 d6 5. Be2 O-O 6. O-O Nc6 7. d4 b6 8. b3 Bb7 9. Bb2 Nb4 10. a3 Na6 11. Qc2 e6 12. h3 Rc8 13. Rad1 Qe7 14. Rfe1 Rfe8 15. d5 Nc5 16. b4 Ncd7 17. b5 Nc5 18. Nh2 Qf8 19. Bf3 exd5 20. cxd5 Re7 21. Rd2 Rce8 22. Rde2 Nfd7 23. Nd1 Bxb2 24. Nxb2 Qg7 25. Nc4 Ne5 26. Nxe5 Qxe5 27. Ng4 Qg7 28. Qd2 h5 29. Nh2 Nb3 30. Qb4 Nd4 31. Rd2 Nxf3+ 32. Nxf3 Qh6 33. h4 Qf4 34. Rd4 Qf6 35. Ng5 Re5 36. Qd2 Bc8 37. f4 R5e7 38. Rf1 Bg4 39. Rc4 Qg7 40. Qc2 f6 41. f5 gxf5 42. Ne6 1/2-1/2

[Event "Trumpeter op"]
[Site "Grande Prairie CAN"]
[Date "2009.01.31"]
[Round "2"]
[White "Quiring, John"]
[Black "Nisbet, Rob"]
[Result "1-0"]
[WhiteElo "1830"]
[BlackElo "1737"]
[PlyCount "49"]
[GameId "2160767910264909"]
[EventDate "2009.01.31"]
[EventType "swiss"]
[EventRounds "5"]
[EventCountry "CAN"]
[SourceTitle "EXT 2011"]
[Source "ChessBase"]
[SourceDate "2011.11.26"]
[SourceVersion "1"]
[SourceVersionDate "2011.11.26"]
[SourceQuality "1"]

1. g3 f5 2. Bg2 Nf6 3. d3 g6 4. h4 Bg7 5. Nh3 d5 6. c3 e5 7. b4 Be6 8. Bb2 Nbd7 9. Nd2 Qe7 10. O-O O-O 11. Ng5 Nh5 12. Qb3 c6 13. b5 f4 14. Ba3 Qf6 15. Bxf8 Rxf8 16. Nxe6 Qxe6 17. Kh2 fxg3+ 18. fxg3 Qg4 19. Rxf8+ Bxf8 20. Nf1 e4 21. Bxe4 Bd6 22. Bxd5+ Kg7 23. Bf3 Qxh4+ 24. Kg2 Nxg3 25. Qe6 1-0

[Event "Trumpeter op"]
[Site "Grande Prairie CAN"]
[Date "2009.01.31"]
[Round "2"]
[White "Schech, Roland"]
[Black "Wong, Ford"]
[Result "1-0"]
[WhiteElo "1652"]
[BlackElo "1778"]
[PlyCount "69"]
[GameId "2160767910264910"]
[EventDate "2009.01.31"]
[EventType "swiss"]
[EventRounds "5"]
[EventCountry "CAN"]
[SourceTitle "EXT 2011"]
[Source "ChessBase"]
[SourceDate "2011.11.26"]
[SourceVersion "1"]
[SourceVersionDate "2011.11.26"]
[SourceQuality "1"]

1. e4 g6 2. c3 Bg7 3. Nf3 Nc6 4. d4 d5 5. Bb5 a6 6. Bd3 Bg4 7. h3 Bxf3 8. Qxf3 e6 9. O-O Nge7 10. Re1 b5 11. Bg5 O-O 12. Nd2 h6 13. Bh4 g5 14. Bg3 Na5 15. h4 Nc4 16. Nb3 Nxb2 17. Bc2 Na4 18. hxg5 hxg5 19. exd5 Nxd5 20. Qh5 Nf6 21. Qxg5 Nxc3 22. Be5 Ncd5 23. Nc5 Ne8 24. Qh5 Ndf6 25. Qh3 Qd5 26. Re3 Qc4 27. Rc1 Qxa2 28. Nd7 Qb2 29. Ree1 Nh5 30. Qxh5 f5 31. Nxf8 Kxf8 32. Bxg7+ Kxg7 33. Bxf5 exf5 34. Re7+ Kf8 35. Qf7# 1-0

[Event "Trumpeter op"]
[Site "Grande Prairie CAN"]
[Date "2009.01.31"]
[Round "2"]
[White "Sequillion, Aaron"]
[Black "Moloney, Nicholas"]
[Result "0-1"]
[WhiteElo "1893"]
[BlackElo "2199"]
[PlyCount "84"]
[GameId "2160767910264911"]
[EventDate "2009.01.31"]
[EventType "swiss"]
[EventRounds "5"]
[EventCountry "CAN"]
[SourceTitle "EXT 2011"]
[Source "ChessBase"]
[SourceDate "2011.11.26"]
[SourceVersion "1"]
[SourceVersionDate "2011.11.26"]
[SourceQuality "1"]

1. e4 c5 2. Nf3 d6 3. d4 cxd4 4. Nxd4 Nf6 5. Nc3 g6 6. f3 Bg7 7. Be3 O-O 8. Bc4 Nc6 9. Qd2 Bd7 10. O-O-O Ne5 11. Bb3 Qa5 12. h4 Rfc8 13. Kb1 Nc4 14. Bxc4 Rxc4 15. Nb3 Qa6 16. h5 Rac8 17. hxg6 hxg6 18. g4 Bxg4 19. fxg4 Rxc3 20. bxc3 Nxe4 21. Qd3 Nxc3+ 22. Kc1 Qa3+ 23. Kd2 Nxd1 24. Rxd1 Qb4+ 25. Ke2 Rc3 26. Qd5 Qxg4+ 27. Qf3 Rxc2+ 28. Rd2 Rxd2+ 29. Bxd2 Qxf3+ 30. Kxf3 b6 31. Ke4 e6 32. Be3 d5+ 33. Kf3 Kf8 34. a4 Bc3 35. Nc1 e5 36. Kg4 f5+ 37. Kg5 Kf7 38. Ne2 d4 39. Bc1 a6 40. Ng1 b5 41. axb5 axb5 42. Nf3 d3 0-1

[Event "Trumpeter op"]
[Site "Grande Prairie CAN"]
[Date "2009.01.31"]
[Round "2"]
[White "Yearwood, Roy"]
[Black "Robertson, Archie"]
[Result "1-0"]
[WhiteElo "2075"]
[BlackElo "1801"]
[PlyCount "45"]
[GameId "2160767910264912"]
[EventDate "2009.01.31"]
[EventType "swiss"]
[EventRounds "5"]
[EventCountry "CAN"]
[SourceTitle "EXT 2011"]
[Source "ChessBase"]
[SourceDate "2011.11.26"]
[SourceVersion "1"]
[SourceVersionDate "2011.11.26"]
[SourceQuality "1"]

1. Nc3 b6 2. e4 Bb7 3. Bc4 e5 4. Qh5 Qf6 5. Nf3 d6 6. d4 exd4 7. Nxd4 g6 8. Qf3 Qe7 9. Bg5 Nf6 10. Qxf6 Nd7 11. Qxe7+ Bxe7 12. Bxe7 Kxe7 13. Nd5+ Bxd5 14. Bxd5 Rae8 15. Nc6+ Kf6 16. Nxa7 Nc5 17. f3 Kg7 18. O-O Rhf8 19. Nb5 Rc8 20. Nd4 Na4 21. Rab1 c5 22. Nb5 f5 23. b3 1-0

[Event "Trumpeter op"]
[Site "Grande Prairie CAN"]
[Date "2009.01.31"]
[Round "3"]
[White "Johnson, Dean"]
[Black "Sequillion, Aaron"]
[Result "0-1"]
[WhiteElo "1782"]
[BlackElo "1893"]
[PlyCount "68"]
[GameId "2160767910264913"]
[EventDate "2009.01.31"]
[EventType "swiss"]
[EventRounds "5"]
[EventCountry "CAN"]
[SourceTitle "EXT 2011"]
[Source "ChessBase"]
[SourceDate "2011.11.26"]
[SourceVersion "1"]
[SourceVersionDate "2011.11.26"]
[SourceQuality "1"]

1. c4 e5 2. g3 Nf6 3. Bg2 d5 4. cxd5 Nxd5 5. Nf3 Nc6 6. O-O Be6 7. d4 exd4 8. Nxd4 Nxd4 9. Qxd4 c6 10. Rd1 Nb4 11. Qxd8+ Rxd8 12. Rxd8+ Kxd8 13. Nc3 Kc7 14. Bf4+ Bd6 15. Bxd6+ Kxd6 16. a3 Nd5 17. Rd1 Kc5 18. Nxd5 Bxd5 19. Bxd5 cxd5 20. Rc1+ Kd6 21. e3 b5 22. b4 Re8 23. Rc5 a6 24. a4 Rb8 25. axb5 Rxb5 26. Rxb5 axb5 27. Kf1 d4 28. e4 Ke5 29. f3 d3 30. Ke1 Kd4 31. Kd2 Kc4 32. f4 Kxb4 33. e5 Kc4 34. f5 Kd5 0-1

[Event "Trumpeter op"]
[Site "Grande Prairie CAN"]
[Date "2009.01.31"]
[Round "3"]
[White "Lefkowitz, Phil"]
[Black "Panteluk, Steven"]
[Result "1-0"]
[WhiteElo "1681"]
[BlackElo "1750"]
[PlyCount "96"]
[GameId "2160767910264914"]
[EventDate "2009.01.31"]
[EventType "swiss"]
[EventRounds "5"]
[EventCountry "CAN"]
[SourceTitle "EXT 2011"]
[Source "ChessBase"]
[SourceDate "2011.11.26"]
[SourceVersion "1"]
[SourceVersionDate "2011.11.26"]
[SourceQuality "1"]

1. d4 d5 2. c4 e6 3. Nc3 Nf6 4. Bg5 Be7 5. Nf3 b6 6. e3 Bb7 7. Rc1 Nbd7 8. cxd5 Nxd5 9. Bxe7 Qxe7 10. Bd3 c5 11. dxc5 Nxc5 12. Bb5+ Nd7 13. Ne5 N5f6 14. Nxd7 Nxd7 15. Qxd7+ Qxd7 16. Bxd7+ Kxd7 17. O-O Rac8 18. Rfd1+ Ke7 19. Rd4 Rc6 20. Rcd1 Bc8 21. f4 a6 22. e4 Rc7 23. e5 Bd7 24. Kf2 f6 25. Ke3 b5 26. Ne4 Rd8 27. b4 Rc4 28. Nc5 Rxd4 29. Rxd4 Bc8 30. g3 f5 31. a3 Bd7 32. Rd6 a5 33. bxa5 Bc8 34. Rxd8 Kxd8 35. Kd4 Kc7 36. Kc3 h6 37. Kb4 Kc6 38. Nb3 g5 39. Nd4+ Kb7 40. Kxb5 Bd7+ 41. Kc5 Ka6 42. Kd6 Ba4 43. Kxe6 Kxa5 44. Nxf5 gxf4 45. gxf4 h5 46. h4 Bb3+ 47. Kd6 Ka4 48. e6 Bc2 1-0

[Event "Trumpeter op"]
[Site "Grande Prairie CAN"]
[Date "2009.01.31"]
[Round "3"]
[White "Miller, David"]
[Black "Caughlin, Wade"]
[Result "0-1"]
[WhiteElo "1365"]
[BlackElo "1788"]
[PlyCount "36"]
[GameId "2160767910264915"]
[EventDate "2009.01.31"]
[EventType "swiss"]
[EventRounds "5"]
[EventCountry "CAN"]
[SourceTitle "EXT 2011"]
[Source "ChessBase"]
[SourceDate "2011.11.26"]
[SourceVersion "1"]
[SourceVersionDate "2011.11.26"]
[SourceQuality "1"]

1. e4 c5 2. Nf3 e6 3. d4 cxd4 4. Nxd4 a6 5. c4 Nc6 6. Bf4 Qb6 7. Nb3 Nf6 8. Be3 Qc7 9. Nc3 Bb4 10. a3 Bxc3+ 11. bxc3 Nxe4 12. Qg4 Qe5 13. Nd4 O-O 14. f4 Qa5 15. Bd2 Nxd2 16. Nxc6 Qxc3 17. Ne7+ Kh8 18. Qd1 Nxc4+ 0-1

[Event "Trumpeter op"]
[Site "Grande Prairie CAN"]
[Date "2009.01.31"]
[Round "3"]
[White "Pradzinski, Tim"]
[Black "Moloney, Nicholas"]
[Result "0-1"]
[WhiteElo "1907"]
[BlackElo "2199"]
[PlyCount "52"]
[GameId "2160767910264916"]
[EventDate "2009.01.31"]
[EventType "swiss"]
[EventRounds "5"]
[EventCountry "CAN"]
[SourceTitle "EXT 2011"]
[Source "ChessBase"]
[SourceDate "2011.11.26"]
[SourceVersion "1"]
[SourceVersionDate "2011.11.26"]
[SourceQuality "1"]

1. e4 c5 2. Nf3 d6 3. d4 cxd4 4. Nxd4 Nf6 5. Nc3 g6 6. Bd3 Bg7 7. f3 O-O 8. Nb3 Nc6 9. Be3 d5 10. Bb5 dxe4 11. Qxd8 Rxd8 12. fxe4 Nb4 13. Rc1 a6 14. a3 Nxc2+ 15. Rxc2 axb5 16. O-O Be6 17. Nc5 Bc4 18. Re1 Ng4 19. Nd1 Rxd1 20. Rxd1 Nxe3 21. Rxc4 bxc4 22. Rd2 b6 23. Nd7 b5 24. h3 Bh6 25. Re2 Rd8 26. Ne5 Rd1+ 0-1

[Event "Trumpeter op"]
[Site "Grande Prairie CAN"]
[Date "2009.01.31"]
[Round "3"]
[White "White, Chris"]
[Black "Longson, Stan"]
[Result "1-0"]
[WhiteElo "1847"]
[BlackElo "1406"]
[PlyCount "40"]
[GameId "2160767910264918"]
[EventDate "2009.01.31"]
[EventType "swiss"]
[EventRounds "5"]
[EventCountry "CAN"]
[SourceTitle "EXT 2011"]
[Source "ChessBase"]
[SourceDate "2011.11.26"]
[SourceVersion "1"]
[SourceVersionDate "2011.11.26"]
[SourceQuality "1"]

1. d4 e6 2. c4 c5 3. e3 Nf6 4. Nf3 d5 5. Be2 Be7 6. O-O O-O 7. Nc3 Nc6 8. cxd5 Nxd5 9. Nxd5 Qxd5 10. dxc5 Qxd1 11. Rxd1 a6 12. Bd2 Bxc5 13. Bc3 Bb4 14. Rac1 Bxc3 15. Rxc3 Rd8 16. Rxd8+ Nxd8 17. Rd3 Nc6 18. Ne5 g6 19. Nc4 Nb4 20. Rd8+ Kg7 1-0

[Event "Trumpeter op"]
[Site "Grande Prairie CAN"]
[Date "2009.01.31"]
[Round "3"]
[White "Wong, Ford"]
[Black "Stutzman, Larry"]
[Result "1-0"]
[WhiteElo "1778"]
[BlackElo "1642"]
[PlyCount "47"]
[GameId "2160767910264919"]
[EventDate "2009.01.31"]
[EventType "swiss"]
[EventRounds "5"]
[EventCountry "CAN"]
[SourceTitle "EXT 2011"]
[Source "ChessBase"]
[SourceDate "2011.11.26"]
[SourceVersion "1"]
[SourceVersionDate "2011.11.26"]
[SourceQuality "1"]

1. d4 Nf6 2. c4 d5 3. Nc3 e6 4. Bg5 Be7 5. e3 O-O 6. Nf3 Nbd7 7. Rc1 c5 8. cxd5 Nxd5 9. Bxe7 Nxe7 10. dxc5 Nxc5 11. Qc2 Qb6 12. Be2 Bd7 13. O-O Bc6 14. Ne5 Rac8 15. Nxc6 Nxc6 16. a3 Rfd8 17. b4 Nd7 18. Na4 Ne7 19. Nxb6 Rxc2 20. Rxc2 Nxb6 21. Rc7 Rd7 22. Rxd7 Nxd7 23. Rd1 Nb6 24. Rd8# 1-0

[Event "Trumpeter op"]
[Site "Grande Prairie CAN"]
[Date "2009.01.31"]
[Round "3"]
[White "Zeggelaar, Mike"]
[Black "Yearwood, Roy"]
[Result "1/2-1/2"]
[WhiteElo "1825"]
[BlackElo "2075"]
[PlyCount "71"]
[GameId "2160767910264920"]
[EventDate "2009.01.31"]
[EventType "swiss"]
[EventRounds "5"]
[EventCountry "CAN"]
[SourceTitle "EXT 2011"]
[Source "ChessBase"]
[SourceDate "2011.11.26"]
[SourceVersion "1"]
[SourceVersionDate "2011.11.26"]
[SourceQuality "1"]

1. Nc3 Nf6 2. a3 e5 3. d3 d5 4. Bg5 Be6 5. e4 d4 6. Nce2 h6 7. Bh4 g5 8. Bg3 Bd6 9. Nxd4 exd4 10. e5 Bxe5 11. Bxe5 Nc6 12. Bxf6 Qxf6 13. Qf3 Qe5+ 14. Ne2 Qa5+ 15. c3 dxc3 16. Nxc3 Nd4 17. Qf6 Nc2+ 18. Kd2 Nxa1 19. Qxh8+ Ke7 20. Qxa8 Qb6 21. Qh8 Qxb2+ 22. Ke3 Nc2+ 23. Kf3 Qc1 24. Qe5 Kd7 25. Ne4 Qd1+ 26. Be2 Qxh1 27. Nc5+ Kc6 28. Nxe6 Ne1+ 29. Ke3 Nxg2+ 30. Kd2 fxe6 31. Qxe6+ Kc5 32. Qe7+ Kd4 33. Qd7+ Ke5 34. Qxc7+ Kf6 35. Qd6+ Kf5 36. Qd5+ 1/2-1/2

[Event "Trumpeter op"]
[Site "Grande Prairie CAN"]
[Date "2009.02.01"]
[Round "4"]
[White "Caughlin, Wade"]
[Black "White, Chris"]
[Result "1-0"]
[WhiteElo "1788"]
[BlackElo "1847"]
[PlyCount "61"]
[GameId "2160767910264921"]
[EventDate "2009.01.31"]
[EventType "swiss"]
[EventRounds "5"]
[EventCountry "CAN"]
[SourceTitle "EXT 2011"]
[Source "ChessBase"]
[SourceDate "2011.11.26"]
[SourceVersion "1"]
[SourceVersionDate "2011.11.26"]
[SourceQuality "1"]

1. d4 d5 2. c4 e6 3. g3 c6 4. Bg2 Nf6 5. Nc3 Be7 6. cxd5 exd5 7. Nf3 O-O 8. O-O h6 9. a3 Bf5 10. b4 Nbd7 11. Bf4 Re8 12. Ne5 Bf8 13. b5 Ne4 14. Nxe4 Nxe5 15. bxc6 dxe4 16. cxb7 Rb8 17. Bxe5 Rxb7 18. Qa4 Rd7 19. Rad1 Bg6 20. Bh3 Rd5 21. Rc1 Ra5 22. Qc6 Rxa3 23. Bc7 Qa8 24. Qb5 f5 25. Bxf5 Bf7 26. Bd7 Rb3 27. Qf5 g6 28. Qg4 a5 29. Bxe8 Bxe8 30. Be5 a4 31. Qe6+ 1-0

[Event "Trumpeter op"]
[Site "Grande Prairie CAN"]
[Date "2009.02.01"]
[Round "4"]
[White "Fitler, Stan"]
[Black "Wong, Ford"]
[Result "0-1"]
[WhiteElo "1402"]
[BlackElo "1778"]
[PlyCount "64"]
[GameId "2160767910264922"]
[EventDate "2009.01.31"]
[EventType "swiss"]
[EventRounds "5"]
[EventCountry "CAN"]
[SourceTitle "EXT 2011"]
[Source "ChessBase"]
[SourceDate "2011.11.26"]
[SourceVersion "1"]
[SourceVersionDate "2011.11.26"]
[SourceQuality "1"]

1. e4 g6 2. Bc4 Bg7 3. Qf3 e6 4. Nc3 Nc6 5. Nge2 Ne5 6. Qf4 Nxc4 7. d3 Nb6 8. Nb5 d6 9. Be3 Bxb2 10. Rb1 Bg7 11. d4 Nc4 12. c3 a6 13. Nxd6+ cxd6 14. Rb4 b5 15. d5 Nxe3 16. fxe3 e5 17. Qf3 Nf6 18. O-O O-O 19. Rbb1 Bg4 20. Qg3 Bxe2 21. Rf2 Nxe4 22. Qh3 Nxf2 23. Kxf2 Bd3 24. Rd1 Qf6+ 25. Kg1 e4 26. Qg3 Qxc3 27. Qe1 Rac8 28. Qxc3 Rxc3 29. h3 Rfc8 30. Rd2 Be5 31. Rf2 Rc1+ 32. Rf1 Rxf1# 0-1

[Event "Trumpeter op"]
[Site "Grande Prairie CAN"]
[Date "2009.02.01"]
[Round "4"]
[White "Lefkowitz, Phil"]
[Black "Quiring, John"]
[Result "0-1"]
[WhiteElo "1681"]
[BlackElo "1830"]
[PlyCount "74"]
[GameId "2160767910264923"]
[EventDate "2009.01.31"]
[EventType "swiss"]
[EventRounds "5"]
[EventCountry "CAN"]
[SourceTitle "EXT 2011"]
[Source "ChessBase"]
[SourceDate "2011.11.26"]
[SourceVersion "1"]
[SourceVersionDate "2011.11.26"]
[SourceQuality "1"]

1. d4 g6 2. c4 d6 3. e4 Bg7 4. Nc3 Nd7 5. Be3 e5 6. Nge2 Ne7 7. Qd2 f5 8. exf5 gxf5 9. dxe5 Nxe5 10. Nd4 Bd7 11. Be2 N7g6 12. Bg5 Qc8 13. O-O-O h6 14. Be3 h5 15. Bg5 Nf7 16. Qe3+ Kf8 17. h3 Nxg5 18. f4 Ne6 19. Nxf5 Nexf4 20. Nxg7 Nxe2+ 21. Nxe2 Kxg7 22. Qd4+ Kh7 23. g4 Rf8 24. gxh5 Ne5 25. c5 Bf5 26. Ng3 Qe6 27. Nxf5 Rxf5 28. Qe4 Qc4+ 29. Qxc4 Nxc4 30. b3 Ne3 31. Rde1 Rxc5+ 32. Kb2 Re8 33. Kb1 Rxh5 34. Rc1 c6 35. h4 d5 36. b4 Re4 37. a3 Nc4 0-1

[Event "Trumpeter op"]
[Site "Grande Prairie CAN"]
[Date "2009.02.01"]
[Round "4"]
[White "Longson, Stan"]
[Black "Miller, David"]
[Result "1/2-1/2"]
[WhiteElo "1406"]
[BlackElo "1365"]
[PlyCount "53"]
[GameId "2160767910264924"]
[EventDate "2009.01.31"]
[EventType "swiss"]
[EventRounds "5"]
[EventCountry "CAN"]
[SourceTitle "EXT 2011"]
[Source "ChessBase"]
[SourceDate "2011.11.26"]
[SourceVersion "1"]
[SourceVersionDate "2011.11.26"]
[SourceQuality "1"]

1. d4 Nf6 2. Nf3 c5 3. Bg5 cxd4 4. Nxd4 e5 5. Nf3 Nc6 6. e3 Be7 7. Bb5 e4 8. Nd4 Nxd4 9. Qxd4 O-O 10. c4 h6 11. Bh4 d6 12. Nc3 Bf5 13. Nd5 Nxd5 14. Bxe7 Nxe3 15. Qxe3 Qxe7 16. O-O Qe5 17. Rab1 d5 18. cxd5 Qxd5 19. Qb3 Qxb3 20. axb3 e3 21. Rbe1 exf2+ 22. Rxf2 Be6 23. Bc4 Rfe8 24. Rfe2 Bd7 25. Re7 Rxe7 26. Rxe7 Be6 27. Rxb7 1/2-1/2

[Event "Trumpeter op"]
[Site "Grande Prairie CAN"]
[Date "2009.02.01"]
[Round "4"]
[White "Moloney, Nicholas"]
[Black "Yearwood, Roy"]
[Result "1-0"]
[WhiteElo "2199"]
[BlackElo "2075"]
[PlyCount "103"]
[GameId "2160767910264925"]
[EventDate "2009.01.31"]
[EventType "swiss"]
[EventRounds "5"]
[EventCountry "CAN"]
[SourceTitle "EXT 2011"]
[Source "ChessBase"]
[SourceDate "2011.11.26"]
[SourceVersion "1"]
[SourceVersionDate "2011.11.26"]
[SourceQuality "1"]

1. d4 Nc6 2. d5 Ne5 3. e4 e6 4. Nc3 Bc5 5. dxe6 dxe6 6. Qxd8+ Kxd8 7. Bf4 Ng4 8. Bg3 f6 9. h3 N4h6 10. O-O-O+ Bd7 11. Bc4 Ke7 12. Nge2 a6 13. a4 Nf7 14. Kb1 Nd6 15. Bb3 Nh6 16. e5 fxe5 17. Bxe5 Nhf7 18. Bg3 b5 19. Rhe1 bxa4 20. Nxa4 Bxa4 21. Bxa4 g5 22. Nd4 Bxd4 23. Rxd4 Kf6 24. Rd3 e5 25. Rf3+ Kg6 26. Bxe5 Nxe5 27. Rxe5 Rhf8 28. Re6+ Kg7 29. Re7+ Kg6 30. Bc6 Rxf3 31. Bxf3 Ra7 32. c3 h6 33. Kc2 Kf6 34. Rh7 Kg6 35. Rd7 Nf7 36. Bh5+ Kxh5 37. Rxf7 Kg6 38. Rd7 a5 39. Kb3 Rb7+ 40. Ka3 h5 41. b3 Rb5 42. Rxc7 Rf5 43. Rc6+ Kg7 44. f3 Re5 45. h4 gxh4 46. Rc4 Kg6 47. Rxh4 Re2 48. g4 hxg4 49. Rxg4+ Kf5 50. Rc4 Re5 51. Ka4 Rc5 52. Rxc5+ 1-0

[Event "Trumpeter op"]
[Site "Grande Prairie CAN"]
[Date "2009.02.01"]
[Round "4"]
[White "Panteluk, Steven"]
[Black "Nisbet, Rob"]
[Result "0-1"]
[WhiteElo "1750"]
[BlackElo "1737"]
[PlyCount "76"]
[GameId "2160767910264926"]
[EventDate "2009.01.31"]
[EventType "swiss"]
[EventRounds "5"]
[EventCountry "CAN"]
[SourceTitle "EXT 2011"]
[Source "ChessBase"]
[SourceDate "2011.11.26"]
[SourceVersion "1"]
[SourceVersionDate "2011.11.26"]
[SourceQuality "1"]

1. c4 Nf6 2. Nc3 g6 3. Nf3 Bg7 4. e4 d6 5. Be2 O-O 6. d4 e5 7. O-O a5 8. b3 Na6 9. a3 Nd7 10. Be3 f5 11. dxe5 dxe5 12. exf5 gxf5 13. Bg5 Qe8 14. Rc1 Ndc5 15. Re1 Be6 16. Bf1 e4 17. Nh4 h6 18. Be3 Rd8 19. Qc2 Nd3 20. Bxd3 Rxd3 21. Ne2 Qf7 22. Nf4 Rc3 23. Qb1 a4 24. Rxc3 Bxc3 25. Rd1 Ra8 26. bxa4 b6 27. c5 Nxc5 28. Bxc5 bxc5 29. Qb7 Re8 30. Rb1 Ba2 31. Rc1 Bd2 32. Rxc5 Bxf4 33. g3 e3 34. Kf1 e2+ 35. Kg2 e1=Q 36. Nxf5 Bd5+ 37. Rxd5 Qe4+ 38. f3 Qexd5 0-1

[Event "Trumpeter op"]
[Site "Grande Prairie CAN"]
[Date "2009.02.01"]
[Round "4"]
[White "Schech, Roland"]
[Black "Johnson, Dean"]
[Result "1/2-1/2"]
[WhiteElo "1652"]
[BlackElo "1782"]
[PlyCount "67"]
[GameId "2160767910264927"]
[EventDate "2009.01.31"]
[EventType "swiss"]
[EventRounds "5"]
[EventCountry "CAN"]
[SourceTitle "EXT 2011"]
[Source "ChessBase"]
[SourceDate "2011.11.26"]
[SourceVersion "1"]
[SourceVersionDate "2011.11.26"]
[SourceQuality "1"]

1. e4 e5 2. Nc3 Nf6 3. f4 d5 4. fxe5 Nxe4 5. Nf3 Bg4 6. Be2 Bxf3 7. Bxf3 Nxc3 8. bxc3 Be7 9. O-O Nd7 10. d4 Nb6 11. Bh5 O-O 12. Qf3 f6 13. Qg4 Kh8 14. Bf4 f5 15. Qh3 Bg5 16. Bg6 h6 17. Bxf5 Bxf4 18. Rxf4 Qg5 19. Raf1 Nc4 20. g3 Ne3 21. R1f3 Nxf5 22. Rxf5 Qc1+ 23. Rf1 Qe3+ 24. R5f2 Rxf2 25. Rxf2 Rf8 26. Qf1 Kg8 27. e6 Rxf2 28. Qxf2 Qxe6 29. Kf1 Qa6+ 30. Qe2 Qxa2 31. Qe6+ Kh7 32. Qf5+ Kg8 33. Qc8+ Kh7 34. Qf5+ 1/2-1/2